000 002240000a22000970004500
100 1 _aParsons, Michael
245 1 0 _aOur freedom in Christ
300 _aVol. 5, Núm 4 (1987), Páginas 10-12
773 0 _tEvangel
942 _cANA
999 _c54320
_d54320